000 00728nam a2200289Ia 4500
005 20260324142138.0
008 008 260324s9999 xx 000 0 eng d
020 _a9780203763629
037 _aEBOOK
040 _aCRL
040 _beng
040 _cCRL
041 _2eng
041 _aeng
084 _qCRL
100 _aJoseph S. King; Karl H. Pribram
_91210851
245 0 _aScale in Conscious Experience
245 0 _bIs the Brain Too Important To Be Left To Specialists To Study?
260 _bTaylor and Francis
260 _c1995
365 _a
365 _b530
856 _uhttp://www.taylorfrancis.com/books/9780203763629
942 _cEBOOK
999 _c1814707
_d1814707